000 00369nam a22001457a 4500
003 OSt
005 20251015094936.0
008 251015b |||||||| |||| 00| 0 eng d
020 _a9789966102607
040 _cKENYA LITERATURE BUREAU
050 _aPL 8704 .K37 2014
245 _aHATOSHEKI
_cKASIMINGI, HASSAN
260 _aNAIROBI, KENYA
_bKLB
_c2014
942 _2lcc
_cBK
_n0
999 _c9621
_d9621